| 000 | 00578nam a2200157Ia 4500 | ||
|---|---|---|---|
| 008 | 260210s9999 xx 000 0 und d | ||
| 024 | _a20B-026-CS, 20B-004-CS & 20B-045-CS | ||
| 082 | _a004.620072 ZAI | ||
| 100 | _aSyed Asghar Raza Zaidi, Mohammad Talha & Shayan Hassan Baig | ||
| 110 | _aDr. Farhan Karim | ||
| 245 | 0 | _aTurbo Dialect | |
| 260 |
_aKarachi: _bUITU, _c2020 |
||
| 600 | _aBachelor of Computer Science (BS) | ||
| 650 | _aComputer Science | ||
| 856 |
_uhttps://drive.google.com/file/d/1J9XSnK_zxgqkg2ofPQZISmcEOL-HA1mg/view?usp=sharing _yClick Here for PDF |
||
| 999 |
_c32542 _d32542 |
||